Normal view
MARC view
- Najib Ul Hassan (363475)
Entry Personal Name
001 - CONTROL NUMBER
- control field: 128190
003 - CONTROL NUMBER IDENTIFIER
- control field: NUST
005 - DATE AND TIME OF LATEST TRANSACTION
- control field: 20250312105153.0
008 - FIXED-LENGTH DATA ELEMENTS
- fixed length control field: 250312|| aca||aabn | a|a d
040 ## - CATALOGING SOURCE
- Original cataloging agency: NUST
- Transcribing agency: NUST
100 ## - HEADING--PERSONAL NAME
- Personal name: Najib Ul Hassan (363475)
670 ## - SOURCE DATA FOUND
- Source citation: Work cat.: (NUST): Najib Ul Hassan (363475), Techno-Economic Analysis of Grid Connected Hybrid Indigenous Resources Based Energy System Across Various Climate Zones of Pakistan /
